000 00682cam a22002293a 4500
001 45521
003 PGUSA
005 20140828084043.0
008 140428s2014||||xxu|||||s|||||000 | eng d
040 _aPGUSA
_beng
042 _adc
100 1 _aRiley, James Whitcomb,
_d1849-1916
245 1 0 _aHome Again With Me :
_bIllustrated
_h[electronic resource] /
_cJames Whitcomb Riley
260 _bProject Gutenberg,
_c2014
506 _aPublic domain in the USA.
516 _aElectronic text
700 1 _aBooth, Franklin
700 1 _aChristy, Howard Chandler,
_d1873-1952
830 0 _aProject Gutenberg
_v45521
856 4 0 _uhttp://www.gutenberg.org/ebooks/45521
942 _cEB
999 _c274772
_d274772